Les 10 villes de Belgique les plus peuplées commençant par W - Statistiques

Statistiques générales
  • Ce quiz a été pris 20 fois
  • Le résultat moyen est 4 sur 10
Statistiques - réponses
# Ville Population % Correct
4 Wavre 35.558
74%
1 Woluwe-Saint-Lambert 60.771
58%
2 Woluwe-Saint-Pierre 42.571
58%
6 Waterloo 30.596
47%
3 Waregem 39.997
32%
9 Westerlo 25.625
32%
7 Willebroeck 28.248
21%
8 Wetteren 26.960
16%
10 Watermael-Boitsfort 25.295
11%
5 Wevelgem 31.884
11%
Aucun quiz correspondant
Distribution des résultats
% des personnes avec chaque résultat
Percentile par nombre de réponses
Votre historique - résultats
Vous n’avez pas pris ce quiz